000 00530nam#a2200217#c#4500
003 IEF
005 20180219145710.0
008 941031s1978 uuu####fr####| 0||u| |u
040 _aIEF
100 1 _aLenti, Libero
_925600
245 _aI conti della nazione
250 _a2ยช ed.
260 _a[Torino]
_b Utet
_c1978
300 _aXV, 1236 p.
_c 24 cm.
500 _aContiene bibliografia e indices.
650 4 _aCONTABILIDAD NACIONAL
_940757
650 4 _aITALIA
_947518
942 _cLIB
942 _z5044
999 _c1572
_d1572